000 00348nam a22001337a 4500
020 _a9780750625913
040 _cNUST
082 _a621.3815 CAR
100 _aJoseph, J Carr
_9114058
245 _aLinear Integrated Circuits:
260 _aBoston:
_bButterworth Heinemann,
_c1996
650 _aLinear Integrated Circuits
_955531
942 _2ddc
_cBK
999 _c595445
_d595445